[Event "Balaton GM"]
[Site "Balatonlelle HUN"]
[Date "2007.06.20"]
[Round "5"]
[White "Roussel-Roozmon, Thomas"]
[Black "Boros, Denes"]
[Result "1/2-1/2"]
[WhiteElo "2422"]
[BlackElo "2501"]
[PlyCount "161"]
[EventDate "2007.06.16"]
[EventType "tourn"]
[EventRounds "9"]
[EventCountry "HUN"]
[EventCategory "9"]
[Source "Mark Crowther"]
[SourceDate "2007.07.02"]

1. c4 Nc6 2. Nc3 Nf6 3. g3 g6 4. Bg2 Bg7 5. d4 O-O 6. Nf3 d6 7. O-O a6 8. d5
Na5 9. Nd2 c5 10. Qc2 Ne8 11. b3 b5 12. Bb2 Rb8 13. Rab1 Bd7 14. e4 e6 15. Rfe1
e5 16. Nd1 Bh6 17. Ne3 f5 18. exf5 gxf5 19. Bf1 Ng7 20. Bd3 Qg5 21. Bc3 b4 22.
Bb2 e4 23. Bf1 Rbe8 24. Rbd1 Nh5 25. Ng2 Bg7 26. Bxg7 Qxg7 27. Be2 Nf6 28. Nf1
Re7 29. Nfe3 h6 30. Qb2 Nb7 31. Nf4 Re5 32. a3 bxa3 33. Qxa3 a5 34. Ra1 Kh7 35.
Qb2 Qe7 36. Qc3 Ra8 37. Ra2 Ra6 38. Rea1 Qe8 39. Qd2 Rb6 40. Ra3 Rb4 41. Nc2
Rb6 42. Ne3 Rb4 43. Nc2 Rb6 44. Re1 Qe7 45. Ne3 Rb4 46. Nc2 Rb6 47. Bf1 Qg7 48.
Qc3 Qe7 49. Bh3 Bc8 50. Ne3 Ne8 51. Raa1 Ng7 52. Neg2 Rb4 53. Nh4 Qd8 54. Nhg6
Re8 55. f3 Qb6 56. Re3 a4 57. Rxa4 Rxa4 58. bxa4 Qb4 59. fxe4 fxe4 60. Bxc8
Qxc3 61. Rxc3 Rxc8 62. Ne7 Ra8 63. Re3 Rxa4 64. Rxe4 Na5 65. Nc6 Nxc4 66. Re7
Kg8 67. Rd7 Ra8 68. Ne7+ Kf8 69. Neg6+ Kg8 70. Ne7+ Kf8 71. Neg6+ Kg8 72. g4
Ne5 73. Nxe5 dxe5 74. Nd3 c4 75. Nxe5 Rc8 76. d6 Ne8 77. Ng6 c3 78. Ne7+ Kh8
79. Ng6+ Kg8 80. Ne7+ Kh8 81. Ng6+ 1/2-1/2

[Event "Balaton GM"]
[Site "Balatonlelle HUN"]
[Date "2007.06.21"]
[Round "6"]
[White "Roussel-Roozmon, Thomas"]
[Black "Farago, Ivan"]
[Result "1/2-1/2"]
[WhiteElo "2422"]
[BlackElo "2501"]
[PlyCount "34"]
[EventDate "2007.06.16"]
[EventType "tourn"]
[EventRounds "9"]
[EventCountry "HUN"]
[EventCategory "9"]
[Source "Mark Crowther"]
[SourceDate "2007.07.02"]

1. d4 Nf6 2. c4 e6 3. Nc3 Bb4 4. Qc2 d5 5. cxd5 exd5 6. Bg5 h6 7. Bh4 c5 8.
dxc5 g5 9. Bg3 Ne4 10. e3 Nc6 11. Bd3 Nxg3 12. hxg3 d4 13. exd4 Qxd4 14. Nge2
Qxc5 15. a3 Bxc3+ 16. Qxc3 Qxc3+ 17. Nxc3 Be6 1/2-1/2

[Event "Balaton GM"]
[Site "Balatonlelle HUN"]
[Date "2007.06.23"]
[Round "8"]
[White "Roussel-Roozmon, Thomas"]
[Black "Lindberg, Bengt"]
[Result "1/2-1/2"]
[WhiteElo "2422"]
[BlackElo "2443"]
[PlyCount "59"]
[EventDate "2007.06.16"]
[EventType "tourn"]
[EventRounds "9"]
[EventCountry "HUN"]
[EventCategory "9"]
[Source "Mark Crowther"]
[SourceDate "2007.07.02"]

1. Nf3 Nf6 2. c4 c5 3. Nc3 e6 4. g3 b6 5. Bg2 Bb7 6. O-O Be7 7. Re1 d6 8. e4 a6
9. d4 cxd4 10. Nxd4 Qc7 11. Be3 Nbd7 12. f4 Rc8 13. Rc1 Qb8 14. b3 O-O 15. g4
Qa8 16. Bf2 g6 17. g5 Nh5 18. Qg4 Nc5 19. Rcd1 b5 20. f5 bxc4 21. bxc4 Nd7 22.
Nf3 Rxc4 23. fxe6 f5 24. Qh4 Rxc3 25. exd7 fxe4 26. Bd4 Rcxf3 27. Bxf3 Rxf3 28.
Rf1 Qf8 29. Qg4 Qf7 30. Rxf3 1/2-1/2

[Event "FSGM 2007.06"]
[Site "Budapest HUN"]
[Date "2007.06.02"]
[Round "1"]
[White "Vajda, Levente"]
[Black "Roussel-Roozmon, Thomas"]
[Result "1/2-1/2"]
[WhiteElo "2549"]
[BlackElo "2422"]
[PlyCount "62"]
[EventDate "2007.06.02"]
[EventType "tourn"]
[EventRounds "11"]
[EventCountry "HUN"]
[EventCategory "8"]
[Source "Mark Crowther"]
[SourceDate "2007.06.04"]

1. e4 e5 2. Nf3 Nc6 3. Bc4 Nf6 4. d3 Be7 5. O-O O-O 6. a4 d6 7. a5 a6 8. c3 h6
9. Re1 Nh7 10. Nbd2 Ng5 11. Nf1 Nxf3+ 12. Qxf3 Bg5 13. Ne3 Be6 14. b4 Qd7 15.
b5 Nb8 16. bxa6 Nxa6 17. Nd5 Bxc1 18. Rexc1 Bxd5 19. exd5 Ra7 20. d4 Rfa8 21.
Rab1 exd4 22. cxd4 Nb8 23. Bd3 Qd8 24. Qe4 g6 25. Qf4 Kg7 26. h4 Nd7 27. Rb5
Nf6 28. Qd2 c6 29. dxc6 bxc6 30. Rxc6 Rxa5 31. Rxa5 Rxa5 1/2-1/2

[Event "FSGM 2007.06"]
[Site "Budapest HUN"]
[Date "2007.06.03"]
[Round "2"]
[White "Erdos, Viktor"]
[Black "Roussel-Roozmon, Thomas"]
[Result "1/2-1/2"]
[WhiteElo "2518"]
[BlackElo "2422"]
[PlyCount "70"]
[EventDate "2007.06.02"]
[EventType "tourn"]
[EventRounds "11"]
[EventCountry "HUN"]
[EventCategory "8"]
[Source "Mark Crowther"]
[SourceDate "2007.06.11"]

1. d4 Nf6 2. c4 e6 3. Nc3 Bb4 4. Qc2 d5 5. a3 Bxc3+ 6. Qxc3 Ne4 7. Qc2 c5 8.
dxc5 Nc6 9. e3 Qa5+ 10. Bd2 Nxd2 11. Qxd2 dxc4 12. Bxc4 Qxc5 13. Rc1 O-O 14.
Nf3 Rd8 15. Qc3 Bd7 16. b4 Qb6 17. O-O Rac8 18. Rfd1 Ne7 19. Qb3 Bb5 20. Bxb5
Rxc1 21. Rxc1 Qxb5 22. Nd4 Qd7 23. h3 h6 24. b5 Rc8 25. Rc4 a6 26. bxa6 bxa6
27. Qa4 Qxa4 28. Rxa4 Rc1+ 29. Kh2 Nc6 30. Rxa6 Nxd4 31. exd4 Rc4 32. Ra8+ Kh7
33. Rd8 Ra4 34. d5 exd5 35. Rxd5 Rxa3 1/2-1/2

[Event "FSGM 2007.06"]
[Site "Budapest HUN"]
[Date "2007.06.04"]
[Round "3"]
[White "Roussel-Roozmon, Thomas"]
[Black "Pasalic, Harun"]
[Result "1-0"]
[WhiteElo "2422"]
[BlackElo "2261"]
[PlyCount "119"]
[EventDate "2007.06.02"]
[EventType "tourn"]
[EventRounds "11"]
[EventCountry "HUN"]
[EventCategory "8"]
[Source "Mark Crowther"]
[SourceDate "2007.06.11"]

1. Nf3 Nf6 2. c4 g6 3. Nc3 Bg7 4. e4 d6 5. d4 O-O 6. Be2 c5 7. O-O cxd4 8. Nxd4
Nc6 9. Be3 Bd7 10. Qd2 Nxd4 11. Bxd4 Bc6 12. f3 a5 13. b3 Nd7 14. Be3 Nc5 15.
Rab1 Be5 16. Rfc1 f5 17. exf5 Rxf5 18. Re1 Qf8 19. Rbd1 Qf7 20. Bf2 Rf8 21. Bg3
Qf6 22. Nd5 Bxd5 23. Qxd5+ Kg7 24. Bxe5 Rxe5 25. Qd2 Qf4 26. Qxf4 Rxf4 27. g3
Rf7 28. f4 Re3 29. Bf1 Rxe1 30. Rxe1 Kf6 31. Kf2 g5 32. Ke3 gxf4+ 33. Kxf4 e6
34. Rd1 Ke7+ 35. Ke3 Rf5 36. Be2 Re5+ 37. Kf3 Rf5+ 38. Kg2 Re5 39. Rd2 Re3 40.
Rc2 Nd3 41. Bxd3 Rxd3 42. Kf2 Rd1 43. Ke2 Rh1 44. Kf3 h5 45. Rd2 Rc1 46. Kf4 a4
47. Kg5 a3 48. Kxh5 Rb1 49. h4 Rb2 50. Rd1 Rxa2 51. g4 Rb2 52. g5 Rxb3 53. Kg6
a2 54. Ra1 Ra3 55. h5 d5 56. cxd5 exd5 57. h6 Kf8 58. Rf1+ Ke7 59. h7 Rf3 60.
Re1+ 1-0

[Event "FSGM 2007.06"]
[Site "Budapest HUN"]
[Date "2007.06.06"]
[Round "5"]
[White "Roussel-Roozmon, Thomas"]
[Black "Varadi, Viktor"]
[Result "1/2-1/2"]
[WhiteElo "2422"]
[BlackElo "2408"]
[PlyCount "74"]
[EventDate "2007.06.02"]
[EventType "tourn"]
[EventRounds "11"]
[EventCountry "HUN"]
[EventCategory "8"]
[Source "Mark Crowther"]
[SourceDate "2007.06.11"]

1. Nf3 Nf6 2. c4 c5 3. Nc3 d5 4. cxd5 Nxd5 5. d4 Nxc3 6. bxc3 g6 7. Bg5 Bg7 8.
e3 O-O 9. Be2 Nd7 10. O-O Nf6 11. Nd2 Be6 12. Bf3 Qa5 13. Nb3 Bxb3 14. axb3 Qb6
15. Bh4 Rfd8 16. Qc2 Rac8 17. Qb2 Rd7 18. Qa3 a6 19. Rac1 h6 20. h3 Ne8 21. Bg3
Nd6 22. Rfd1 cxd4 23. cxd4 Rdc7 24. Rxc7 Rxc7 25. Rc1 Rxc1+ 26. Qxc1 Nf5 27.
Bf4 Qxb3 28. Qc8+ Kh7 29. Qxb7 Qa3 30. Bd5 e6 31. Bc4 Qc1+ 32. Bf1 Nxd4 33.
Qxa6 Nb3 34. Qc4 Qd1 35. Qe2 Qc1 36. Qc4 Qd1 37. Qe2 Qc1 1/2-1/2

[Event "FSGM 2007.06"]
[Site "Budapest HUN"]
[Date "2007.06.07"]
[Round "6"]
[White "Bui Vinh"]
[Black "Roussel-Roozmon, Thomas"]
[Result "1/2-1/2"]
[WhiteElo "2483"]
[BlackElo "2422"]
[PlyCount "167"]
[EventDate "2007.06.02"]
[EventType "tourn"]
[EventRounds "11"]
[EventCountry "HUN"]
[EventCategory "8"]
[Source "Mark Crowther"]
[SourceDate "2007.06.11"]

1. d4 Nf6 2. Bg5 e6 3. e4 h6 4. Bxf6 Qxf6 5. Nc3 d6 6. Bc4 a6 7. a4 Nc6 8. Nge2
g5 9. Qd2 Bg7 10. Rd1 Bd7 11. O-O Qe7 12. f4 gxf4 13. Qxf4 Rf8 14. Qf2 Qg5 15.
Rd3 h5 16. Rg3 Qh6 17. h4 Qh8 18. Rd1 Ne7 19. Rf3 O-O-O 20. d5 Kb8 21. Rxf7
Rxf7 22. Qxf7 Bf6 23. dxe6 Be8 24. e5 Bxf7 25. exf6 Bxe6 26. fxe7 Bxc4 27.
exd8=Q+ Qxd8 28. g3 c6 29. b3 Be6 30. Kf2 Bf5 31. Rd2 Qb6+ 32. Ke1 Qe3 33. Kd1
Kc7 34. Rd4 b5 35. axb5 axb5 36. b4 Kd7 37. Rd2 Qa7 38. Rd4 Qa1+ 39. Kd2 Qb2
40. Ne4 Bxe4 41. Rxe4 c5 42. bxc5 dxc5 43. Nf4 Qh8 44. c3 Qa8 45. Re3 Qa2+ 46.
Kd1 Qb1+ 47. Kd2 Qb2+ 48. Kd1 Qb1+ 49. Kd2 b4 50. cxb4 cxb4 51. Nd3 Qa2+ 52.
Kd1 Qb3+ 53. Ke2 Qc2+ 54. Kf3 b3 55. Kf4 Kd6 56. Rf3 Qd2+ 57. Ke4 Qc3 58. Rf2
Qc4+ 59. Ke3 Qc3 60. Ke4 Kc6 61. Rf5 Qc4+ 62. Ke3 Qe6+ 63. Re5 Qh6+ 64. Rg5
Qe6+ 65. Kd2 Kb6 66. Kc3 Qe3 67. Kc4 Qe4+ 68. Kc3 Qe3 69. Kc4 Kc7 70. Rg7+ Kd6
71. Rg5 Ke7 72. Nb2 Kf6 73. Kb4 Qf3 74. Kc4 Qe3 75. Kb4 Qf3 76. Kc4 Qb7 77. Kc3
Qb6 78. Kc4 Qe6+ 79. Kc3 Qe3+ 80. Kc4 Qxg5 81. hxg5+ Kxg5 82. Kxb3 Kg4 83. Nc4
Kxg3 84. Ne3 1/2-1/2

[Event "FSGM 2007.06"]
[Site "Budapest HUN"]
[Date "2007.06.08"]
[Round "7"]
[White "Roussel-Roozmon, Thomas"]
[Black "Berczes, David"]
[Result "1-0"]
[WhiteElo "2422"]
[BlackElo "2442"]
[PlyCount "105"]
[EventDate "2007.06.02"]
[EventType "tourn"]
[EventRounds "11"]
[EventCountry "HUN"]
[EventCategory "8"]
[Source "Mark Crowther"]
[SourceDate "2007.06.11"]

1. c4 Nf6 2. Nc3 e5 3. Nf3 Nc6 4. g3 Bb4 5. Bg2 O-O 6. O-O Bxc3 7. dxc3 e4 8.
Nd4 Ne5 9. b3 h6 10. f4 Ng6 11. h3 Re8 12. g4 d5 13. c5 e3 14. Qe1 Ne4 15. f5
Nh4 16. Bxe4 Rxe4 17. Qg3 Qg5 18. Nf3 Nxf3+ 19. Rxf3 Qf6 20. Rxe3 Rxe3 21. Bxe3
Qxc3 22. Rc1 Qf6 23. Qxc7 d4 24. Bf4 Qh4 25. Kg2 h5 26. c6 hxg4 27. cxb7 Bxb7+
28. Qxb7 Re8 29. Rc8 gxh3+ 30. Kh1 Rxc8 31. Qxc8+ Kh7 32. f6 Qe1+ 33. Kh2 Qxe2+
34. Kxh3 Qf3+ 35. Bg3 Qh1+ 36. Kg4 Qe4+ 37. Bf4 Qg2+ 38. Kh4 Qf2+ 39. Kg5 gxf6+
40. Kf5 Qxa2 41. Kxf6 Qg2 42. Qf5+ Kg8 43. Qg5+ Qxg5+ 44. Bxg5 Kf8 45. Bd2 Ke8
46. Ke5 d3 47. Kd4 Kd7 48. Kxd3 Kc6 49. Kc4 f5 50. Kb4 Kd5 51. Be3 a6 52. Ka5
Ke4 53. Bc5 1-0

[Event "FSGM 2007.06"]
[Site "Budapest HUN"]
[Date "2007.06.09"]
[Round "8"]
[White "Paschall, William"]
[Black "Roussel-Roozmon, Thomas"]
[Result "1/2-1/2"]
[WhiteElo "2353"]
[BlackElo "2422"]
[PlyCount "56"]
[EventDate "2007.06.02"]
[EventType "tourn"]
[EventRounds "11"]
[EventCountry "HUN"]
[EventCategory "8"]
[Source "Mark Crowther"]
[SourceDate "2007.06.11"]

1. Nf3 Nf6 2. c4 c5 3. Nc3 Nc6 4. e3 e5 5. a3 d5 6. cxd5 Nxd5 7. Qc2 Nxc3 8.
bxc3 Be6 9. Rb1 Rb8 10. c4 f5 11. d3 Be7 12. Be2 O-O 13. O-O Bf6 14. Rb5 b6 15.
Re1 Qc7 16. Nd2 Rfd8 17. Rb1 Rd6 18. Bb2 Rbd8 19. Rbd1 Qf7 20. Nb1 e4 21. Bxf6
Qxf6 22. dxe4 Rxd1 23. Rxd1 Rxd1+ 24. Bxd1 f4 25. exf4 Qxf4 26. Nd2 Qf6 27. Nf3
Nd4 28. Qd3 Nxf3+ 1/2-1/2

[Event "FSGM 2007.06"]
[Site "Budapest HUN"]
[Date "2007.06.10"]
[Round "9"]
[White "Roussel-Roozmon, Thomas"]
[Black "Citak, Selim"]
[Result "1-0"]
[WhiteElo "2422"]
[BlackElo "2358"]
[PlyCount "105"]
[EventDate "2007.06.02"]
[EventType "tourn"]
[EventRounds "11"]
[EventCountry "HUN"]
[EventCategory "8"]
[Source "Mark Crowther"]
[SourceDate "2007.06.18"]

1. c4 e6 2. Nc3 d5 3. d4 c5 4. cxd5 exd5 5. Nf3 Nc6 6. g3 Nf6 7. Bg2 Be7 8. O-O
O-O 9. Bg5 c4 10. Ne5 Be6 11. e3 h6 12. Bxf6 Bxf6 13. f4 Re8 14. Qf3 Ne7 15. g4
g6 16. Rad1 Qb6 17. f5 gxf5 18. gxf5 Bxf5 19. Nxd5 Nxd5 20. Qxd5 Be6 21. Rxf6
Bxd5 22. Rxb6 Bxg2 23. Rxh6 Bd5 24. Kf2 Rad8 25. Rh4 b5 26. e4 Bb7 27. Rg1+ Kf8
28. Rh7 Rxe5 29. dxe5 Rd2+ 30. Ke3 Rd3+ 31. Kf4 Rd4 32. Re1 Ke7 33. Re2 b4 34.
Rh8 a5 35. Rb8 Bc6 36. Rb6 Kd7 37. e6+ fxe6 38. Ke5 Rd3 39. Ra6 Kc7 40. Kxe6 c3
41. bxc3 bxc3 42. Rxa5 Kb6 43. Rg5 Rd2 44. Rxd2 cxd2 45. Rg1 Ba4 46. Kd6 d1=Q+
47. Rxd1 Bxd1 48. e5 Kb7 49. e6 Kc8 50. Ke7 Bg4 51. h4 Kc7 52. a4 Kc6 53. Kf7
1-0

[Event "FSGM 2007.06"]
[Site "Budapest HUN"]
[Date "2007.06.11"]
[Round "10"]
[White "Bluvshtein, Mark"]
[Black "Roussel-Roozmon, Thomas"]
[Result "1-0"]
[WhiteElo "2520"]
[BlackElo "2422"]
[PlyCount "61"]
[EventDate "2007.06.02"]
[EventType "tourn"]
[EventRounds "11"]
[EventCountry "HUN"]
[EventCategory "8"]
[Source "Mark Crowther"]
[SourceDate "2007.06.18"]

1. d4 d5 2. c4 c6 3. Nf3 Nf6 4. Nc3 a6 5. c5 Nbd7 6. Bf4 Nh5 7. Qd2 Nxf4 8.
Qxf4 Nf6 9. Ne5 Be6 10. g4 g6 11. h4 Qc7 12. Bh3 h6 13. g5 hxg5 14. hxg5 Rxh3
15. Rxh3 Bxh3 16. gxf6 Bf5 17. Nxg6 Qxf4 18. Nxf4 e5 19. dxe5 Bxc5 20. Nh5
O-O-O 21. Ng7 Bg6 22. f4 d4 23. Nd1 d3 24. f5 d2+ 25. Kf1 Bh7 26. e6 Rg8 27.
exf7 Rf8 28. Ne6 Bxf5 29. Nxc5 Rxf7 30. Kf2 Rxf6 31. Ke3 1-0

[Event "FSGM 2007.06"]
[Site "Budapest HUN"]
[Date "2007.06.12"]
[Round "11"]
[White "Roussel-Roozmon, Thomas"]
[Black "Kosic, Dragan"]
[Result "1/2-1/2"]
[WhiteElo "2422"]
[BlackElo "2507"]
[PlyCount "41"]
[EventDate "2007.06.02"]
[EventType "tourn"]
[EventRounds "11"]
[EventCountry "HUN"]
[EventCategory "8"]
[Source "Mark Crowther"]
[SourceDate "2007.06.18"]

1. Nf3 d5 2. d4 Nf6 3. c4 c6 4. Qc2 g6 5. Bf4 Bf5 6. Qb3 Qb6 7. e3 Bg7 8. Nc3
Nbd7 9. h3 h6 10. c5 Qxb3 11. axb3 O-O 12. b4 a6 13. Ne5 Nxe5 14. Bxe5 Nd7 15.
Bxg7 Kxg7 16. f3 e5 17. Kd2 Rad8 18. Re1 Rfe8 19. g4 Be6 20. Bd3 f6 21. Rhg1
1/2-1/2

[Event "Mauricie ch"]
[Site "Trois-Rivieres CAN"]
[Date "2007.03.16"]
[Round "1"]
[White "Fortier, Marc-Andre"]
[Black "Roussel-Roozmon, Thomas"]
[Result "0-1"]
[WhiteElo "2074"]
[BlackElo "2462"]
[PlyCount "72"]
[EventDate "2007.03.16"]
[EventType "swiss"]
[EventRounds "5"]
[EventCountry "CAN"]

1. e4 e5 2. Nf3 Nc6 3. Bb5 a6 4. Ba4 Nf6 5. O-O Nxe4 6. d4 b5 7. Bb3 d5 8. dxe5
Be6 9. Nbd2 Nc5 10. c3 Bg4 11. h3 Bh5 12. g4 Bg6 13. Bc2 Ne6 14. Nb3 Bxc2 15.
Qxc2 h5 16. g5 g6 17. a4 Rb8 18. axb5 axb5 19. Ra6 Ne7 20. Nbd4 Qc8 21. Nxe6
fxe6 22. Ra2 Nf5 23. Nd4 Nh4 24. Qe2 Bc5 25. Nc6 Rb6 26. Na7 Qb7 27. Kh2 O-O
28. f4 Ra8 29. b4 Bf8 30. Be3 Rxa7 31. Rxa7 Qxa7 32. Qf2 Nf5 33. Bxb6 cxb6 34.
Rd1 Kf7 35. Rd2 Qc7 36. Qf3 Qc4 0-1

[Event "Mauricie ch"]
[Site "Trois-Rivieres CAN"]
[Date "2007.03.17"]
[Round "2"]
[White "Roussel-Roozmon, Thomas"]
[Black "Robichaud, Louis"]
[Result "1-0"]
[WhiteElo "2462"]
[BlackElo "2180"]
[PlyCount "119"]
[EventDate "2007.03.16"]
[EventType "swiss"]
[EventRounds "5"]
[EventCountry "CAN"]

1. e4 e5 2. Nf3 Nc6 3. d4 exd4 4. Nxd4 Bc5 5. Be3 Qf6 6. c3 Nge7 7. g3 d5 8.
Bg2 dxe4 9. Nb5 Bxe3 10. Nxc7+ Kf8 11. fxe3 Rb8 12. Nd5 Qg5 13. Nf4 h5 14. Nd2
h4 15. Nxe4 Qe5 16. Qd6 h3 17. Bf3 Rh6 18. Qxe5 Nxe5 19. Be2 Bg4 20. Nf2 Nf3+
21. Bxf3 Bxf3 22. O-O Nf5 23. N2xh3 Bc6 24. Rae1 Re8 25. e4 Rxe4 26. Rxe4 Bxe4
27. Ng5 Bc6 28. Nd3 Nd6 29. Ne5 Be8 30. Ngf3 Re6 31. Re1 f6 32. Nd3 Ke7 33.
Rxe6+ Kxe6 34. Kf2 Kd5 35. Nf4+ Ke4 36. Nd2+ Kf5 37. b3 Bf7 38. Kf3 Ke5 39.
Nd3+ Kd5 40. Ke3 Nf5+ 41. Kf4 Nd6 42. Nb4+ Kc5 43. Ne4+ Nxe4 44. Kxe4 Bg6+ 45.
Ke3 a5 46. Nd3+ Kd6 47. c4 b6 48. Kd4 Kc6 49. Nf4 Bf7 50. Nd5 Be6 51. a3 Bf7
52. Ne7+ Kd7 53. Nf5 g5 54. b4 Be6 55. Ne3 Kd6 56. Nd5 Bxd5 57. cxd5 axb4 58.
axb4 g4 59. Ke4 b5 60. Kf4 1-0

[Event "Mauricie ch"]
[Site "Trois-Rivieres CAN"]
[Date "2007.03.17"]
[Round "3"]
[White "Bolduc, Steve"]
[Black "Roussel-Roozmon, Thomas"]
[Result "1-0"]
[WhiteElo "2292"]
[BlackElo "2462"]
[PlyCount "89"]
[EventDate "2007.03.16"]
[EventType "swiss"]
[EventRounds "5"]
[EventCountry "CAN"]

1. d4 d6 2. e4 g6 3. Nc3 Bg7 4. Be3 a6 5. Qd2 b5 6. Nf3 Bb7 7. Bd3 Nd7 8. h4 h5
9. O-O-O c5 10. dxc5 Nxc5 11. Bd4 Nxd3+ 12. Qxd3 Nf6 13. Nd5 Bxd5 14. exd5 Qd7
15. Ng5 Rc8 16. f3 Rc4 17. b3 Rxd4 18. Qxd4 O-O 19. Qe3 Rc8 20. Rhe1 Rc7 21.
Qb6 Qc8 22. Re2 Nd7 23. Qe3 Nf6 24. Rdd2 Qb7 25. Qf4 Qb6 26. Kd1 Qa5 27. a4 Qc3
28. Ke1 b4 29. Kf1 Rb7 30. Rd1 Qc8 31. Rde1 Kf8 32. Re4 a5 33. Rc4 Qe8 34. Rd1
Kg8 35. Rc6 Nd7 36. Qc4 Rb8 37. f4 Nf6 38. Re1 Ng4 39. Rc7 Bf8 40. Qc6 Qd8 41.
Re4 Nh6 42. Rc4 Nf5 43. Kf2 Bg7 44. Nf3 Kh7 45. Qd7 1-0

[Event "Mauricie ch"]
[Site "Trois-Rivieres CAN"]
[Date "2007.03.18"]
[Round "4"]
[White "Auger, Bertrand"]
[Black "Roussel-Roozmon, Thomas"]
[Result "0-1"]
[WhiteElo "2007"]
[BlackElo "2462"]
[PlyCount "80"]
[EventDate "2007.03.16"]
[EventType "swiss"]
[EventRounds "5"]
[EventCountry "CAN"]

1. Nf3 c5 2. g3 Nc6 3. c4 e5 4. Nc3 g6 5. Bg2 Bg7 6. O-O Nge7 7. d3 O-O 8. a3
d6 9. Rb1 a5 10. b3 h6 11. Nd2 Rb8 12. Nb5 d5 13. Bb2 d4 14. Ne4 b6 15. Ned6
Ba6 16. Bc1 f5 17. g4 Rf6 18. g5 hxg5 19. Bxg5 Rxd6 20. Nxd6 Qxd6 21. f4 Bb7
22. Qe1 exf4 23. Rxf4 Bf6 24. Qh4 Bxg5 25. Qxg5 Kg7 26. Rbf1 Qf6 27. Qg3 Ne5
28. Bh3 Kf7 29. Rh4 Rh8 30. Rxh8 Qxh8 31. Bg2 Bxg2 32. Qxg2 Qh4 33. Qf2 Qg5+
34. Qg3 Qe3+ 35. Qxe3 dxe3 36. h4 Kf6 37. Kg2 N7c6 38. Kg3 Nd4 39. Kf4 Ng4 40.
Re1 Ne6+ 0-1

[Event "Mauricie ch"]
[Site "Trois-Rivieres CAN"]
[Date "2007.03.18"]
[Round "5"]
[White "Roussel-Roozmon, Thomas"]
[Black "Caire, Francois"]
[Result "0-1"]
[WhiteElo "2462"]
[BlackElo "2217"]
[PlyCount "86"]
[EventDate "2007.03.16"]
[EventType "swiss"]
[EventRounds "5"]
[EventCountry "CAN"]

1. Nf3 Nf6 2. c4 e6 3. Nc3 Bb4 4. Qc2 b6 5. a3 Bxc3 6. Qxc3 Bb7 7. b4 d6 8. Bb2
Nbd7 9. e3 O-O 10. Be2 c5 11. O-O e5 12. d4 Re8 13. dxe5 dxe5 14. Nd2 Qe7 15.
f3 Nf8 16. Nb3 N6d7 17. b5 Qg5 18. a4 Re6 19. Rf2 f5 20. a5 Rb8 21. Nd2 Rh6 22.
f4 Qh4 23. Nf3 Bxf3 24. gxf3 Re8 25. Rg2 Ree6 26. Kh1 Reg6 27. Rag1 Nf6 28. Qd2
Nh5 29. Bf1 Ng3+ 30. Rxg3 Rxg3 31. Bxe5 bxa5 32. Rxg3 Qxg3 33. Bb8 Qxf3+ 34.
Bg2 Qh5 35. Bd5+ Kh8 36. Bxa7 Nd7 37. Kg1 a4 38. Bc6 Rg6+ 39. Kf1 Qh3+ 40. Ke2
Qxh2+ 41. Kd1 Rg1+ 42. Kc2 Qxd2+ 43. Kxd2 a3 0-1

[Event "Carnaval"]
[Site "Quebec CAN"]
[Date "2007.02.24"]
[Round "2"]
[White "Sauve, Richard"]
[Black "Roussel-Roozmon, Thomas"]
[Result "0-1"]
[WhiteElo "2022"]
[BlackElo "2459"]
[PlyCount "88"]
[EventDate "2007.02.23"]
[EventType "swiss"]
[EventRounds "5"]
[EventCountry "CAN"]

1. d4 Nf6 2. c4 c5 3. d5 b5 4. cxb5 a6 5. bxa6 g6 6. Nc3 Bxa6 7. e4 Bxf1 8.
Kxf1 d6 9. g3 Bg7 10. Kg2 O-O 11. Nf3 Nbd7 12. Re1 Ng4 13. h3 Nge5 14. Nxe5
Nxe5 15. f4 Nd7 16. Re2 Qa5 17. Qe1 Rfb8 18. Rc2 Qa6 19. Qe2 Rb4 20. Qxa6 Rxa6
21. Kf3 Nb6 22. Re2 Nc4 23. Nd1 Raa4 24. Nc3 Ra7 25. Nd1 Bd4 26. Rc2 f5 27.
exf5 gxf5 28. a3 Rb3+ 29. Kg2 Nb6 30. Nc3 Bxc3 31. Rxc3 Rxc3 32. bxc3 Nxd5 33.
Bd2 h5 34. Kf3 Kf7 35. g4 hxg4+ 36. hxg4 fxg4+ 37. Kxg4 Kf6 38. c4 Nb6 39. Bc3+
Ke6 40. f5+ Kd7 41. f6 exf6 42. Bxf6 Ra4 43. Bg5 Nxc4 44. Bc1 Nd2+ 0-1

[Event "Carnaval"]
[Site "Quebec CAN"]
[Date "2007.02.24"]
[Round "3"]
[White "Roussel-Roozmon, Thomas"]
[Black "Lawson, Eric"]
[Result "1-0"]
[WhiteElo "2459"]
[BlackElo "2399"]
[PlyCount "153"]
[EventDate "2007.02.23"]
[EventType "swiss"]
[EventRounds "5"]
[EventCountry "CAN"]

1. Nf3 Nf6 2. c4 c5 3. Nc3 e6 4. g3 b6 5. Bg2 Bb7 6. O-O a6 7. Re1 d6 8. e4 Be7
9. d4 cxd4 10. Nxd4 Qc7 11. Be3 O-O 12. Rc1 Nbd7 13. f4 Rfe8 14. g4 Nc5 15. Bf2
g6 16. b4 Red8 17. Qe2 Ncd7 18. Nd5 exd5 19. cxd5 Nc5 20. g5 Nfd7 21. h4 Bf8
22. bxc5 bxc5 23. Nb3 Re8 24. Qc2 Qd8 25. Rb1 Rb8 26. Nd2 Ba8 27. Rxb8 Qxb8 28.
Rb1 Qa7 29. Nc4 Rb8 30. Rb3 Rb7 31. Qb1 a5 32. a4 Qa6 33. Rxb7 Bxb7 34. Qb3 Be7
35. Nxa5 Qxa5 36. Qxb7 Qxa4 37. Bh3 Qd1+ 38. Kg2 Qe2 39. Qxd7 Qxe4+ 40. Kg1 Bf8
41. Qg4 Qxd5 42. Bg2 Qc4 43. Qf3 Bg7 44. Qa8+ Bf8 45. Qe4 Qe6 46. Qxe6 fxe6 47.
Kf1 d5 48. Ke2 h6 49. Bg3 hxg5 50. fxg5 Bg7 51. Bf3 Kf7 52. Bd6 Bd4 53. Bg3 Bg7
54. Kd2 c4 55. Ke3 Bc3 56. Bg2 Ba5 57. Bf2 Bc7 58. Bf3 Bd6 59. Be1 Bc5+ 60. Kf4
Bd6+ 61. Ke3 Bc5+ 62. Kf4 Bd6+ 63. Kg4 Be5 64. h5 gxh5+ 65. Kxh5 Kg7 66. Bg4
Kf7 67. g6+ Ke7 68. Bb4+ Kd7 69. Kh6 c3 70. g7 Bxg7+ 71. Kxg7 c2 72. Ba3 Kc6
73. Bxe6 d4 74. Bf5 Kb5 75. Bxc2 Kc4 76. Bb2 d3 77. Bd1 1-0

[Event "Carnaval"]
[Site "Quebec CAN"]
[Date "2007.02.25"]
[Round "4"]
[White "Masse, Hugues"]
[Black "Roussel-Roozmon, Thomas"]
[Result "1/2-1/2"]
[WhiteElo "2268"]
[BlackElo "2459"]
[PlyCount "93"]
[EventDate "2007.02.23"]
[EventType "swiss"]
[EventRounds "5"]
[EventCountry "CAN"]

1. d4 e6 2. c4 b6 3. e4 Bb7 4. Bd3 Nc6 5. Nf3 Nb4 6. O-O Nxd3 7. Qxd3 d6 8. Nc3
Ne7 9. Be3 g6 10. d5 Bg7 11. Nd4 Qd7 12. f4 e5 13. Nde2 exf4 14. Nxf4 O-O 15.
Bd4 Be5 16. Nce2 c5 17. Bc3 Rae8 18. Rae1 Bc8 19. b3 Qg4 20. h3 Qg5 21. Bd2 Qh4
22. g3 Qh6 23. Ne6 Qxh3 24. Nxf8 Rxf8 25. Bf4 Qh5 26. Bxe5 Qxe5 27. Qc3 f6 28.
Qxe5 dxe5 29. Kg2 Bd7 30. Nc3 Nc8 31. a3 Nd6 32. Rf2 h5 33. Rc2 Rc8 34. Kf2 Kg7
35. Ke3 Kf7 36. Rec1 Ke7 37. Rh2 Rb8 38. Rhh1 Rc8 39. Nb1 Rc7 40. Nd2 a5 41.
Rb1 Bc8 42. Rhc1 Ra7 43. Rc3 Bd7 44. Rb2 Ra8 45. Rc1 Ra7 46. Rc3 Ra8 47. Rc1
1/2-1/2

[Event "East Bay op"]
[Site "Oakland USA"]
[Date "2006.12.16"]
[Round "2"]
[White "Roussel-Roozmon, Thomas"]
[Black "Kraai, Jesse"]
[Result "0-1"]
[WhiteElo "2430"]
[BlackElo "2473"]
[PlyCount "58"]
[EventDate "2006.12.16"]
[EventType "swiss"]
[EventRounds "9"]
[EventCountry "USA"]
[Source "ChessBase"]
[SourceDate "2007.11.25"]

1. Nf3 Nf6 2. c4 e6 3. Nc3 b6 4. g3 Bb7 5. Bg2 Be7 6. O-O O-O 7. Re1 c5 8. e4
d6 9. d4 cxd4 10. Nxd4 Qc7 11. Be3 a6 12. Rc1 Nbd7 13. f4 h5 14. h3 Rfe8 15. g4
hxg4 16. hxg4 Nc5 17. Bf2 d5 18. exd5 Qxf4 19. Be3 Qxg4 20. b4 exd5 21. Nxd5
Qxd1 22. Nxe7+ Rxe7 23. Rcxd1 Bxg2 24. bxc5 bxc5 25. Kxg2 cxd4 26. Bxd4 Ne4 27.
Bb6 Rc8 28. Rc1 Rc6 29. c5 Re5 0-1